| 000 | 00855nac a22002291u 4500 | ||
|---|---|---|---|
| 010 | _a68010135 | ||
| 082 | 0 | 0 |
_a620.112 _bP8292 |
| 090 |
_c1683 _d1683 |
||
| 100 | _aPopov, E. P. | ||
| 245 | 1 | 0 |
_aIntroduction to mechanics of solids _c[by] Egor P. Popov. |
| 260 |
_aEnglewood Cliffs, N.J., _bPrentice-Hall _c[1968] |
||
| 300 |
_axix, 571 p. _billus. _c24 cm. |
||
| 490 | 0 | _aCivil engineering and engineering mechanics series | |
| 500 | _aBased on the author's Mechanics of materials. | ||
| 500 | _aDonations | ||
| 500 | _aDonations - Dr. Mostafa Gouda | ||
| 504 | _aBibliographical footnotes. | ||
| 650 | 0 | _aStrength of materials. | |
| 740 | _aMechanics of solids. | ||
| 942 |
_cBB _k620.112P8292 |
||
| 999 |
_c1683 _d1683 |
||